| 000 | 00992namaa2200313 a 4500 | ||
|---|---|---|---|
| 001 | vtls000148102 | ||
| 003 | NLI | ||
| 005 | 20210601213007.0 | ||
| 008 | 101125s1981 ii 001 0 eng | ||
| 020 | _cRs. 125.00 | ||
| 039 | 9 |
_y201011251548 _zVLOAD |
|
| 040 |
_aNLI _cVTLS-2010 _eAACR2 |
||
| 041 | 0 | _aeng | |
| 044 | _aii | ||
| 082 | 0 | 4 | _a354.54 |
| 100 | 1 |
_aKrishna Shetty, K. P., _d1930- _9291353 |
|
| 245 | 1 | 4 |
_aThe law of Union-state relations and Indian federalism / _cby K.P. Krishna Shetty |
| 260 |
_aMadras : _bSai Naga Publications, _c1981 |
||
| 300 |
_aviii, 530 p. ; _c22 cm. |
||
| 500 | _aIncludes index | ||
| 504 | _aBibliography: p. 505-510 | ||
| 650 | 0 |
_aFederal government _zIndia _96617 |
|
| 887 | _a | ||
| 901 |
_aDB40549 _b17.7.84 |
||
| 902 | _aE 354.54 Sh 59 | ||
| 949 |
_AVIRTUAITEM _D10000 _X100 _6DBA000040549ENG |
||
| 942 |
_2ddc _cBKS |
||
| 999 |
_aVIRTUA40 _c151069 _d151069 |
||
| 999 | _aVTLSSORT0080*0200*0400*0410*0440*0820*1000*2450*2600*3000*5000*5040*6500*9010*9020*9490*9991 | ||